00473nam a22001457a 4500020001800000040000900018082001500027100003500042245004500077260003900122650002000161942001200181999001900193952011500212 a9788496449886 cNUST a721.84 VID aVidiella, Alex Sanchez 989466 aTerrazas Y Balcones:bSoluciones Urbanas aMEXICO:bLoft Publications,c2009. aTerrazas989467 2ddccBK c588195d588195 00102ddc4070aCEMEbCEMEcGENd2022-02-23l0o721.84 VID (KIDS SEC)pCEME-50450r2022-02-23w2022-02-23yBK